000 01213nam a22003137a 4500
005 20240530110524.0
008 150527s2011 ua a g 000 0 ara d
017 _a4108
_bمصر . دار الكتب المصرية
020 _a9789773771338
040 _aEG-CaGPL
082 0 4 _221
_a333.79\
_bأ م
100 1 _aاوكيف ؛ فيل
245 1 0 _aمستقبل استخدام الطاقة /
_cتاليف فيل اوكيف ، جيوف اوبرين ، نيكولا بيرسال ؛ ترجمة عائشة حمدى .
250 _aط1.
260 _aالقاهرة :
_bمجموعة النيل العربية ،
_c2011.
300 _a564 ص :
_bايض ؛
_c24 سم .
650 0 4 _aالطاقة .
650 0 4 _aمصادر الطاقة .
650 0 4 _aمصادر الطاقة المتجددة .
650 0 4 _aالطاقة
_xحفظ .
650 0 4 _aالطاقة
_xتحويل .
650 0 4 _aالطاقة
_xاشكال .
650 0 4 _aبيئة الطاقة .
700 1 _aبيرسال ، نيكولا
_eمؤلف مشارك
700 0 _aعائشة حمدى
_eمترجم
700 1 _aاوبرين ، جيوف
_eمؤلف مشارك
942 _2ddc
_cBK
999 _c61960
_d61960